000 00746nam a2200241 a 4500
001 BRL_940
005 20190320210948.0
008 281013s1994----mx-ao#####---#000-0#spa-#
020 _a96896415203
041 _aspa
044 _amx
050 4 _aF1221.P35
_b.C44 1994
100 1 _aChemin, Dominique
_925384
245 1 0 _aImagen Pame Xi´Oi
_cDominique chemin.
260 _aSan Luis Potosí
_bArchivo Histórico del Estado de san Luis Potosí : Editorial Ponciano Arriaga
_c1994
300 _a71 p.
_bil.
_c22 cm.
500 _aAu1024
650 1 4 _aPames
_xVida social y costumbres
_925385
650 1 4 _aIndígenas de México
_94678
710 2 _aArchivo Histórico del Estado de San Luis Potosí
_925386
902 _aGRL
942 _2lcc
_cB
999 _c9752
_d9752